| 000 | 01685nam a2200529 i 4500 | ||
|---|---|---|---|
| 001 | 16916 | ||
| 003 | KOSZ 005 | ||
| 005 | 20220222125232.0 | ||
| 008 | 040519s1976 pl a |001 0 pol | ||
| 015 | _aUWD 1976/10739 | ||
| 035 | _a991023735939705066 | ||
| 035 | _a(PL-WaBN)b16501846-48omnis_nlop | ||
| 035 | _ab16501846 | ||
| 035 | _a(OCoLC)830613184 | ||
| 035 | _axx002931041 | ||
| 035 | _a(PL)b0000001650184 | ||
| 035 | _a(EXLNZ-48OMNIS_NETWORK)9910469281405606 | ||
| 040 |
_aWA N _cWA N _dKOSZ 005/HR |
||
| 041 | 1 |
_apol _hger |
|
| 046 | _k1973 | ||
| 080 | _a643/645 | ||
| 080 | _a684 | ||
| 100 | 1 |
_aWeber, George B. _eAutor |
|
| 245 | 1 | 0 |
_aNowoczesne meble / _cG. B. Weber ; tł. z niem. Benon Dalewski. |
| 246 | 1 |
_iTyt. oryg.: _aModerne Möbel leicht gebaut, _f1973 |
|
| 260 |
_aWarszawa : _bWydawnictwa Naukowo-Techniczne, _c1976. |
||
| 300 |
_a92, [2] s., [2] k. tabl. kolor. : _bil., tab. ; _c21 cm. |
||
| 336 |
_aTekst _btxt _2rdacontent |
||
| 337 |
_aBez urządzenia pośredniczącego _bn _2rdamedia |
||
| 338 |
_aWolumin _bnc _2rdacarrier |
||
| 380 | _aKsiążki | ||
| 388 | _a1901-2000 | ||
| 388 | _a1945-1989 | ||
| 490 | 1 | _aHobby | |
| 504 | _aIndeks. | ||
| 650 | 7 |
_aMajsterkowanie _2DBN |
|
| 650 | 7 | _aMeble | |
| 650 | 7 | _aWyposażenie mieszkań | |
| 658 | _aHobby i czas wolny | ||
| 658 | _aDom i ogród | ||
| 700 | 1 |
_aDalewski, Benon _eTłumaczenie |
|
| 710 | 2 |
_aWydawnictwa Naukowo-Techniczne _4pbl |
|
| 830 | 0 | _aHobby. | |
| 856 |
_uhttp://koha.tu.koszalin.pl/cgi-bin/koha/opac-detail.pl?biblionumber=16916 _yKatalog online BPK |
||
| 942 |
_2UKD _cKS |
||
| 999 |
_c16916 _d16916 |
||